000 00304nam a22001457a 4500
008 211019b ||||| |||| 00| 0 eng d
020 _a9780138584405
041 _aeng
080 _a004
082 _a004
100 _a28
101 _aSHKI
245 _aJava For Students
_cBell,D
942 _2udc
_cBK
999 _c58286
_d58286